| 000 | 01129nam a2200313Ia 4500 | ||
|---|---|---|---|
| 001 | ebr10076769 | ||
| 003 | CaPaEBR | ||
| 006 | m u | ||
| 007 | cr cn||||||||| | ||
| 008 | 010810s2001 enkac sb 001 0 eng d | ||
| 010 | _z 2001131821 | ||
| 020 | _z076196472X | ||
| 020 | _z0761964738 (PBK.) | ||
| 040 |
_aCaPaEBR _cCaPaEBR |
||
| 035 | _a(OCoLC)61521772 | ||
| 050 | 1 | 4 |
_aHQ518 _b.C44 2001eb |
| 082 | 0 | 4 |
_a306.85 _221 |
| 100 | 1 | _aChambers, Deborah. | |
| 245 | 1 | 0 |
_aRepresenting the family _h[electronic resource] / _cDeborah Chambers. |
| 260 |
_aLondon : _bSAGE, _c2001. |
||
| 300 |
_axi, 196 p. : _bill., ports. |
||
| 504 | _aIncludes bibliographical references and index. | ||
| 533 |
_aElectronic reproduction. _bPalo Alto, Calif. : _cebrary, _d2011. _nAvailable via World Wide Web. _nAccess may be limited to ebrary affiliated libraries. |
||
| 650 | 0 | _aFamilies. | |
| 650 | 0 | _aFamilies in mass media. | |
| 655 | 7 |
_aElectronic books. _2local |
|
| 710 | 2 | _aebrary, Inc. | |
| 856 | 4 | 0 |
_uhttp://site.ebrary.com/lib/rucke/Doc?id=10076769 _zAn electronic book accessible through the World Wide Web; click to view |
| 999 |
_c74008 _d74008 |
||